000 00865 a2200157 4500
003 Nust
005 20221011131441.0
020 _a07046135x
040 _cNust
082 _a540,NEA
100 _aNeal, Arthur Leslie,
_999891
245 _aChemistry and biochemistry:
_b a comprehensive introduction /
_cA. Leslie Neal.
505 _aGeneral Chemistry (Page-5), Matter and Energy (Page-5), The Atom (Page-15), The Chemical Bond (Page-39), Chemical Reactions and Equations (page-63) Solutions(Page-83) Chemical Equilibrium (page-113) Suggested Readings for (Page-151),Organic Chemistry (Page-157), Hydrocarbons (Page-179), Alcohols (Page-223), Aldehydes and Ketenes (Page-243), Carboxylic Acid (Page-261), Amines, amides and Hetero-cyclic nitrogen compounds (Page-287), Biochemistry (Page-339).
650 _aChemistry and biochemistry:
_999892
942 _2ddc
_cBK
999 _c183376
_d183376